Local chicken raising of farmers in the south part and antibody level of newcastle disease in cambodia, ស្ថានភាពចិញ្ចឹមមាន់របស់កសិករនៅភាគខាងត្បូង និងកម្រិតអង់ទីករ ជំងឺញូវកាស មាន់ពូជក្នុងស្រុក នៅក្នុងប្រទេសកម្ពុជា (Record no. 25846)

000 -LEADER
fixed length control field 00722nam a22001217a 4500
040 ## - CATALOGING SOURCE
Transcribing agency VONG PHANNITH, RUA
082 ## - DEWEY DECIMAL CLASSIFICATION NUMBER
Classification number PHD THI 2025 B707 Or.1
100 ## - MAIN ENTRY--AUTHOR NAME
Personal name THIM, SOKHA / ធីម សុខា
245 ## - TITLE STATEMENT
Title Local chicken raising of farmers in the south part and antibody level of newcastle disease in cambodia, ស្ថានភាពចិញ្ចឹមមាន់របស់កសិករនៅភាគខាងត្បូង និងកម្រិតអង់ទីករ ជំងឺញូវកាស មាន់ពូជក្នុងស្រុក នៅក្នុងប្រទេសកម្ពុជា
260 ## - PUBLICATION, DISTRIBUTION, ETC. (IMPRINT)
Place of publication PHNOM PENH
Name of publisher RUA
Year of publication 2025
300 ## - PHYSICAL DESCRIPTION
Number of Pages xviii,130p.
Other physical details ill.
Dimensions 29cm.
942 ## - ADDED ENTRY ELEMENTS (KOHA)
Koha item type PHD
952 ## - LOCATION AND ITEM INFORMATION (KOHA)
Withdrawn status [LOCAL, KOHA] 0
952 ## - LOCATION AND ITEM INFORMATION (KOHA)
Withdrawn status [LOCAL, KOHA] 0
Holdings
Permanent Location Date acquired Koha item type Lost status Shelving location Barcode Current Location Full call number
Library Block B2026-06-04PHD B707B713071Library Block BPHD THI 2025 B707 Or.1
Library Block B2026-06-04PHD B707B712123Library Block BPHD THI 2025 B707 Or.2
មជ្ឈមណ្ឌលឯការនៃសាកលវិទ្យាល័យភូមិន្ទកសិកម្មចំការដូង

Powered by Koha